Vodík a iné nové nosiče energie /

Gespeichert in:
Bibliographische Detailangaben
1. Verfasser: Balajka, Jiří (Verfasst von)
Format: Buch
Sprache:Slowakisch
Veröffentlicht: Bratislava : Alfa, 1982
Ausgabe:1.vyd.
Schlagworte:
Tags: Tag hinzufügen
Keine Tags, Fügen Sie das erste Tag hinzu!

MARC

LEADER 00000nam a22000003a 4500
001 stu43313
005 20150617225717.4
008 940831s1982----cs------------------slo-d
040 |a STU  |b slo 
041 0 |a slo 
044 |a cs 
080 |a 662.769.2 
100 1 |a Balajka, Jiří  |4 aut 
245 1 |a Vodík a iné nové nosiče energie /  |c [aut.]Jiří Balajka 
250 |a 1.vyd. 
260 |a Bratislava :  |b Alfa,  |c 1982 
300 |a 303 s 
650 7 |a vodík  |2 stusub 
996 |b E52649  |c E*52649  |l EE06  |s P  |a 0  |w stu43313_0001 
996 |b 284M025996  |c M*8762-1  |l MMKN  |s A  |a 24  |w stu43313_0002